Najlepsi Zawodnicy Euro 2024 - Statystyki

Ogólne statystyki
  • Ten quiz został rozwiązany 61 razy
  • Średni wynik to 2 z 10
Statystyki odpowiedzi
Miejsce Zawodnik % Poprawnych
6. Pomocnik Rodri
67%
9. Napastnik Lamine Yamal
65%
8. Pomocnik Dani Olmo
23%
2. Obrońca Kyle Walker
21%
7. Pomocnik Jamal Musiala
19%
5. Pomocnik Fabian Ruiz
15%
1. Bramkarz Mike Maignan
12%
3. Obrońca William Saliba
10%
4. Obrońca John Stones
6%
10. Napastnik Cody Gakpo
2%
Nie znaleziono quizów pasujących do podanych kryteriów
Rozkład punktacji
Procent ludzi z każdym wynikiem
Percentyl według liczby udzielonych odpowiedzi
Twoja historia wyników
Nie rozwiązałeś tego quizu